香港金针奖得主(歌手) - Statistics

General Stats
  • This quiz has been taken 10 times
  • The average score is 8 of 16
Answer Stats
金针奖歌手 % Correct
梅艳芳
100%
张学友
100%
谭咏麟
83%
张国荣
83%
林子祥
67%
许冠杰
50%
罗文
50%
邓丽君
50%
陈百强
50%
叶倩文
50%
甄妮
50%
徐小凤
33%
汪明荃
17%
郑少秋
17%
杜丽莎
17%
钟镇涛
17%
No matching quizzes found
Score Distribution
Percent of People with Each Score
Percentile by Number Answered
Your Score History
You have not taken this quiz